000 00219 a2200097 4500
001 13964
100 _aMendelson Ed
245 _aW.H. auden selected poems
260 _aLondon
_bFaber & Faber
_c
090 _c10927
_d10927
942 _aNUST-CAE
_cM
_c1033
999 _c249037
_d249037